Statistiche per Squadre Lombarde state in Serie B

Clicka qui per fare il quiz!

Statistiche generali

  • Questo quiz è stato fatto 15 volte
  • Il punteggio medio è 12 su 25

Statistiche sulle risposte

PartecipazioniSquadra% Corretto
37Como
100%
2Milan
100%
28Atalanta
93%
12Lecco
93%
10Monza
93%
65Brescia
87%
21Varese
87%
32Cremonese
73%
14Mantova
73%
4Pavia
67%
9AlbinoLeffe
47%
4Pro Sesto
47%
13Pro Patria
40%
1Feralpisalò
27%
2Gallaratese
27%
14Legnano
27%
2Crema
20%
12Fanfulla
20%
11Vigevano
20%
1Magenta
13%
6Seregno
13%
1Alzano Virescit
7%
2Suzzara
7%
1Vita Nova
7%
2Vogherese
7%

Distribuzione punteggi

Percentile per numero di risposta

Percentuale di utenti per punteggio

I tuoi punteggi nel tempo

Non hai fatto questo quiz